| 000 | 00730cam a22002411 4500 | ||
|---|---|---|---|
| 999 |
_c412 _d412 |
||
| 001 | 1221782 | ||
| 003 | GZU | ||
| 005 | 20210504154801.0 | ||
| 008 | 720107s1959 nyu 000 0 eng | ||
| 010 | _a 59009814 | ||
| 040 |
_aDLC _cDLC _dDLC |
||
| 050 | 0 | 0 |
_aBT40 _b.TIL 1959 |
| 100 | 1 |
_aTillich, Paul, _d1886-1965. _eauthor |
|
| 245 | 1 | 0 |
_aTheology of culture / _cPaul Tillich, edited by Robert C. Kimball. |
| 260 |
_aNew York, _bOxford University Press, _c1959. |
||
| 300 |
_aix, 213 p. _c20 cm. |
||
| 500 | _aForeword by Paul Tillich | ||
| 650 | 0 |
_aChristianity _xPhilosophy. |
|
| 650 | 0 | _aCulture. | |
| 700 | 1 |
_aKimball, Robert C., _eed. |
|
| 906 |
_a7 _bcbc _corignew _du _eocip _f19 _gy-gencatlg |
||
| 942 |
_2lcc _cBK _h40 _iTIL _kBT |
||